00405nam a2200133Ia 4500008004100000050002200041245001900063250008100082300002900163500002000192650001300212700003100225999001500256151015s9999 xx 000 0 und d aPR 541 .C36 1993  aCorn N.Thomas  a_The cambridge companion to English poetry Donne to marvell Thomas N. Corns  aNew york Cambridge 1993  aIncludes Index  a_Poetry  a^d20110331 11:29:11^okorir c1700d1700